[Event "ICS rated blitz match"]
[Site "204.178.125.65"]
[Date "1999.10.31"]
[Round "?"]
[White "Talmoves"]
[Black "Hossa"]
[Result "0-1"]
[WhiteElo "2656"]
[BlackElo "2457"]
[Annotator "Hiarcs 7.32 (22s)"]
[PlyCount "164"]
[EventDate "1999.??.??"]

1. e4 e5 2. Nf3 Nc6 3. Bb5 Bc5 4. c3 Nge7 5. O-O (5. d4 exd4 6. cxd4 Bb4+ 7.
Bd2 Bxd2+ 8. Qxd2 a6 (8... d5 9. exd5 Nxd5 10. O-O O-O 11. Nc3 Nce7 12. Rfe1 f6
13. Ba4 Bg4 14. Bd1 c6 15. Rc1 Qd7 16. h3 Be6 17. Bc2 Kh8 18. Ne4 b6 19. h4 Bf7
20. Ng3 Ng8 21. Bf5 Qb7 22. Ne4 Rad8 23. Nc3 {
Dilic,R-Crepan,M/Portoroz 1996/EXP 51/0-1 (48)}) 9. Ba4 d5 10. exd5 Qxd5 11.
O-O O-O 12. Nc3 Qh5 13. d5 Ne5 14. Nxe5 Qxe5 15. Rfe1 Qd6 16. Ne4 Qxd5 17. Qc3
Qd8 18. Rad1 Nd5 19. Qd4 c6 20. Bb3 Be6 21. Nc5 Qc8 22. Rd3 Bf5 23. Rg3 Bg6 24.
h4 Nf6 25. Re7 b6 26. Ne6 c5 27. Qc3 c4 28. Bxc4 b5 29. Nxf8 Kxf8 30. Qa3 Qxc4
31. Ra7+ b4 32. Rxa8+ Ke7 33. Re3+ Be4 34. Qxa6 Qc1+ 35. Qf1 Qxe3 36. fxe3 Bxa8
37. Qc4 Bd5 38. Qxb4+ Ke6 39. a4 h5 40. a5 Nd7 41. e4 {
1-0 Ottens,S-Niesel,M/Porz op28 1992/TD 92\03 (41)}) 5... f5 $146 (5... a6 6.
Ba4 O-O (6... b5 7. Bc2 Bb7 8. d4 exd4 9. cxd4 Bb6 10. Nc3 d6 11. Be3 Nb4 12.
Bb1 Ba7 13. a4 Bb6 14. Qb3 Nbc6 15. axb5 axb5 16. Rxa8 Qxa8 17. d5 Na7 18. Bxb6
cxb6 19. Nxb5 O-O 20. Nxd6 f5 21. Nxb7 Qxb7 22. d6+ Kh8 23. dxe7 Qxe7 24. exf5
{1-0 Bier,N-Muellen,J/RL-op Trier 1991/GER 05 (24)}) 7. d4 exd4 8. cxd4 Ba7 9.
Bg5 f6 10. Bb3+ d5 11. Be3 Bg4 12. exd5 Nxd5 13. Nc3 Nce7 14. h3 Bh5 15. g4 Bf7
16. Rc1 c6 17. Ne2 Nc7 18. Bxf7+ Rxf7 19. Qb3 Nb5 20. a4 {
Theisinger,F-Detzel,M/RLPF-op Hauenstein 1991/GER 05/1-0 (33)}) (5... O-O 6. d4
exd4 7. cxd4 Bb4 8. a3 Ba5 9. b4 Bb6 10. d5 Nb8 11. Bc4 d6 12. h3 Nd7 13. Bb2
Ng6 14. Qd2 Nf6 15. Re1 Re8 16. Qc3 Bxf2+ 17. Kxf2 Rxe4 18. Nbd2 Rxe1 19. Rxe1
Nf4 20. Ne4 {Heinrich,S-Bayer,C/PF-op Eisenberg 1993/GER 05/1-0 (43)}) 6. d4
6... fxe4 $16 (6... exd4 7. cxd4 Bb6 8. e5 $14) 7. dxc5 exf3 8. Qxf3 {
Schwarz kann nicht kurz rochieren} 8... Ng6 9. Re1 a6 10. Bc4 {Droht Matt: Qf7}
10... Rf8 11. Qh5 11... Qf6 {Es droht Matt} 12. f3 h6 13. Bd3 Nce7 14. Bxg6+
$16 (14. Nd2 $5 $18) 14... Nxg6 15. Na3 Qf5 16. Qxf5 Rxf5 17. Nc4 Kd8 18. Be3
a5 19. Rad1 Ra6 20. Bf2 Ke7 21. b3 h5 22. Rd5 Ke6 23. Rd2 h4 24. Rde2 a4 25. b4
a3 26. Re4 h3 27. gxh3 $16 (27. b5 $5 27... Ra8 28. Bg3 hxg2 29. Nxe5 Nxe5 30.
Rxe5+ Rxe5 31. Rxe5+ Kf7 32. Re4 $18) 27... Rh5 $18 (27... d5 $5 28. cxd6 28...
cxd6 $16) 28. f4 Kf5 (28... b5 29. Nxe5 Nxe5 30. Bg3 $16) 29. fxe5 Rxh3 (29...
Nf4 30. h4 $18) 30. b5 $1 {kraeftig gespielt} 30... Ra8 (30... Re6 31. b6 Rc6
32. bxc7 Rxc7 33. Nd6+ Ke6 34. Nb5 $18) 31. b6 $1 {Boing!} 31... cxb6 32. e6
dxe6 33. Nxb6 Rb8 34. Bg3 Rxg3+ 35. hxg3 e5 36. Kf2 (36. Nc4 $5 {ist genauer}
36... Be6 37. Nxe5 37... Bg8 $18) 36... Be6 37. Ke3 Bxa2 38. Ra1 Bb3 39. Rb4 (
39. Rxa3 39... Be6 $18) 39... Be6 40. Rxa3 Ne7 41. Ra1 Kg5 42. Re4 Nc6 43. Nc4
Bxc4 (43... Bd5 44. Rh4 $18) 44. Rxc4 Rc8 45. Re4 g6 46. Rd1 Rc7 47. Rd6 Rh7
48. Kf3 Kf5 49. g4+ Kg5 50. Kg3 Rc7 51. Re6 Rd7 52. c4 Rd3+ 53. Kf2 Rd2+ 54.
Ke3 Rd1 55. Rd6 Re1+ 56. Kf3 Rf1+ 57. Ke2 Rf7 58. Kd2 (58. Ke3 58... Rh7 $18)
58... Rf2+ (58... Rf4 59. Rxf4 exf4 60. Re6 $18) 59. Ke3 Rf7 60. Rd1 Rh7 61.
Rd5 Re7 62. Rd2 Nd4 63. Rb2 Kh4 64. Kd3 g5 65. Rb6 {
Weiss geht zum Angriff ueber} 65... Kg3 66. Rb1 Nf3 67. Rb3 67... Nh2 $4 {
das letzte Eigentor} (67... Nd4 $142 68. Rb6 68... Nc6 $18) 68. Ke2+ Kh4 69.
Ree3 Kxg4 70. Rh3 Rc7 (70... Nf1 {
kann das Vorangegangene nicht ungeschehen machen} 71. Kxf1 Kf4 72. Rhf3+ Ke4
73. Rg3 $18) 71. Rxh2 Rxc5 72. Rg2+ Kh5 (72... Kf5 {
aendert den traurigen Lauf der Dinge nicht} 73. Kd3 Rc7 74. Rf2+ Kg4 75. Rb4
$18) 73. Rbg3 e4 74. Ke3 Ra5 (74... Re5 {nuetzt auch nichts mehr} 75. Rh2+ Kg6
76. Rb2 $18) 75. Kxe4 Rc5 76. Kd4 {Mit der Mattdrohung Kxc5} 76... Rf5 77. Rh2+
(77. c5 Rf4+ 78. Ke5 Kh6 79. Rxg5 Rf1 80. Rg6+ 80... Kh7 $18) 77... Kg6 78. Rb2
{Es droht Matt} 78... Rf7 (78... Rf4+ {aendert nichts mehr} 79. Kc3 Rf7 80.
Rb6+ Kh5 81. Rb5 $18) 79. Rb5 Rd7+ 80. Rd5 $1 {
macht alles klar. Droht Matt: Rgxg5} 80... Re7 (80... Rh7 81. Rdxg5+ Kf6 82.
Rg7 Rh4+ 83. R3g4 Rh5 84. R4g6+ Kf5 85. Rf7+ Kxg6 86. Rxb7 Kf6 87. c5 Ke6 88.
Kc4 Rh3 89. Kb5 Rb3+ 90. Ka6 Rc3 91. Kb6 Kd5 92. Rd7+ Ke5 93. c6 Rb3+ 94. Ka6
Rc3 95. Kb7 Rb3+ 96. Kc8 Rg3 97. c7 Rg2 98. Rh7 Ke6 99. Rh6+ Kd5 100. Kb7 Rb2+
101. Rb6 Rc2 102. Rb4 Rc3 103. Rb5+ Kd4 104. Rh5 Rb3+ 105. Kc6 Rc3+ 106. Kd6
Rxc7 107. Kxc7 Ke4 108. Kd6 Ke3 109. Rd5 Ke4 110. Ke6 Kf4 111. Re5 Kg4 112. Rf5
Kh4 113. Rf4+ Kh3 114. Kf5 Kg3 115. Kg5 Kh3 116. Rg4 Kh2 117. Kh4 Kh1 118. Kg3
Kg1 119. Rf4 Kh1 120. Rf1#) 81. Rgxg5+ Kh7 (81... Kh6 {
waere gleichermassen fruchtlos} 82. Rg1 Re2 83. Rb5 $18) 82. Rg3 (82. Rg1 $142
{machte sofort alles klar} 82... Kh6 $18) 82... Rg7 (82... Rg7 83. Rxg7+ Kxg7
84. Rd7+ Kf6 85. Rxb7 Kf5 86. c5 Ke6 87. Rh7 Kf6 88. c6 Kg6 89. Rd7 Kh6 90. c7
Kg6 91. c8=Q Kf6 92. Qe8 Kf5 93. Rg7 Kf6 94. Qe5#) (82... Kh6 $18 {
bot noch bessere Widerstandsmoeglichkeiten}) 0-1

[Event "ICS rated blitz match"]
[Site "204.178.125.65"]
[Date "1999.10.31"]
[Round "?"]
[White "Gruff"]
[Black "Hossa"]
[Result "0-1"]
[WhiteElo "2165"]
[BlackElo "2481"]
[Annotator "Hiarcs 7.32 (22s)"]
[PlyCount "86"]
[EventDate "1999.??.??"]

1. Nf3 (1. Nf3) (1. Nf3) 1... a5 $14 (1... h6 2. e4 (2. b3 Nf6 3. Bb2 c5 4. c4
Nc6 5. g3 d6 6. d4 cxd4 7. Nxd4 g6 8. Bg2 Bd7 9. O-O Bg7 10. Nc3 O-O 11. Nc2
Qa5 12. e4 12... Nxe4 {0-1 Busch,K-Kleinschroth,R/Eppingen HT5 1988/GER 04 (12)
}) 2... g5 3. Nc3 Bg7 4. d4 c5 5. Be3 cxd4 6. Nxd4 Nc6 7. h4 d6 8. hxg5 hxg5 9.
Rxh8 Bxh8 10. Nxc6 bxc6 11. Bxg5 Bxc3+ 12. bxc3 Qa5 13. Bd2 Nf6 14. Bd3 Bg4 15.
f3 Be6 16. Qb1 {Jacobsen,B-Welling,G/Copenhagen op 1988/TD 88\05/1-0 (49)}) (
1... d5 2. d4 $11) (1... g5 2. Nxg5 e5 3. d4 h6 4. Nh3 4... e4 $19) 2. g3 $11 (
2. e4 $5 $14) 2... d5 3. Bg2 Nf6 4. O-O c5 5. a4 Nc6 6. d3 {Staerkt e4} 6...
Bg4 7. h3 Bh5 8. Na3 e6 9. c3 {Sichert b4+d4} 9... Be7 10. Qc2 O-O 11. Nb5 {
Der Brueckenkopf b5} 11... Bg6 12. Nh4 Rc8 13. Nxg6 fxg6 14. e4 Qd7 15. Qe2
Rce8 16. f4 {Ermoeglicht auch e5} 16... Rd8 17. Be3 17... c4 $16 {
Schwarz engt den Gegner ein} (17... Nh5 $5 {steht zur Diskussion} 18. Bf2 18...
Nf6 $14) 18. e5 18... Nh5 $18 (18... cxd3 $5 {muss unbedingt geprueft werden}
19. Qxd3 19... Nh5 $16) 19. Kh2 cxd3 20. Qxd3 $14 (20. Qd1 $5 $18 $142) 20...
g5 21. Qe2 $11 (21. f5 $5 {kommt in Betracht} 21... exf5 22. Bb6 $14) 21...
gxf4 22. gxf4 22... Rf5 $14 (22... g6 23. Qg4 $11) 23. Rad1 23... Qe8 $14 (
23... Rdf8 24. c4 Nxf4 25. Bxf4 Rxf4 26. Rxf4 Rxf4 27. cxd5 exd5 28. Bxd5+ Kh8
29. e6 $11) 24. Qg4 24... Qf8 $18 {f4 ist schwach} (24... Qf7 $5 $142 {
ist die kritische Fortsetzung} 25. c4 25... g6 $16) 25. Rf2 $11 (25. c4 $142 {
und aller Vorteil laege nun bei Weiss} 25... d4 26. Nxd4 Nxd4 27. Bxd4 $18)
25... Kh8 26. Rg1 26... Bc5 $14 (26... g5 27. Nc7 Ng7 28. Rgf1 gxf4 29. Rxf4
Nxe5 30. Qg3 $15) 27. Nd4 $15 {Eine wichtige Figur} (27. Bxc5 $5 $142 {
sieht spielbar aus} 27... Qxc5 28. Rf3 $11) 27... Bxd4 {
Nun geraet Weiss unter starken Druck.} 28. cxd4 Qb4 29. Bf1 Qb3 30. Bc1 $2 $19
(30. Qf3 $15 $142 {damit waere Weiss im Spiel geblieben}) 30... Nxd4 (30... g6
31. Be2 Nxd4 32. Bd1 $19) 31. Rg3 $4 {damit ist die Partie vorbei} (31. Bd2
$142 31... Qxb2 $1 {die Entscheidung} 32. Rgg2 $19) 31... Nxg3 32. Qxg3 Qxa4 (
32... Qxg3+ {gibt noch groesseren Vorteil} 33. Kxg3 Nb3 34. Bd3 Nxc1 35. Bxf5
exf5 36. e6 $19) 33. Bd3 Rff8 34. Qh4 {Droht Matt} 34... h6 35. f5 (35. Bd2 $19
{ist der letzte Strohhalm}) 35... Nf3+ $1 {und der Wal spuckt Jonas wieder aus}
36. Rxf3 Qxh4 37. f6 gxf6 38. exf6 38... Rxf6 {Droht Matt: Rxf3} 39. Rxf6 39...
Qxf6 {Droht Matt} 40. Be3 40... Qe5+ $19 (40... Rg8 41. Bf1 Qxf1 42. Bd4+ Kh7
43. Bg7 Rxg7 44. h4 Qg2#) 41. Kg2 Qxe3 42. Bb5 (42. Bg6 {
aendert nichts am Ausgang der Partie} 42... Rg8 43. Kh2 Rxg6 44. h4 Qf2+ 45.
Kh3 Rg3#) 42... Rg8+ 43. Kh2 Qg1# 0-1

[Event "ICS rated blitz match"]
[Site "204.178.125.65"]
[Date "1999.10.31"]
[Round "?"]
[White "Hossa"]
[Black "readyink"]
[Result "1-0"]
[WhiteElo "2485"]
[BlackElo "2156"]
[Annotator "Hiarcs 7.32 (22s)"]
[PlyCount "48"]
[EventDate "1999.??.??"]

1. Nf3 d6 2. d4 g6 3. e4 Bg7 4. Bc4 Nf6 5. Nc3 O-O 6. Bg5 c6 7. O-O b5 (7... h6
8. Bh4 Nxe4 9. Nxe4 d5 10. Ned2 dxc4 11. Nxc4 Nd7 12. Re1 Nf6 13. c3 Be6 14.
Nce5 Qc8 15. Qe2 g5 16. Bg3 Nh5 17. Nd2 Nxg3 18. hxg3 Bf5 19. f4 f6 20. Nd3 Qc7
21. Nc5 gxf4 22. Qxe7 {Gretzer,O-Beim,V/Berlin 1993/EXT 93op/0-1 (62)}) 8. Bd3
8... a6 $146 (8... h6 9. Be3 Bb7 10. a3 a6 11. Qd2 Kh7 12. h3 Nbd7 13. Nh2 e5
14. f4 exd4 15. Bxd4 c5 16. Bxf6 Nxf6 17. f5 c4 18. fxg6+ fxg6 19. Be2 Qb6+ 20.
Kh1 Nxe4 21. Nxe4 Bxe4 22. c3 Rae8 23. Bf3 Bd3 24. Rfe1 h5 25. Rxe8 Rxe8 26.
Re1 Bh6 27. Qd1 Re5 28. Rxe5 dxe5 29. Bxh5 gxh5 30. Qxh5 Qe6 31. Nf3 Qf5 32.
Qh4 Kg6 33. Qe7 Qf8 34. Nh4+ {
1-0 Nittel,C-Schoenweitz,F/Giessen op 1994/GER 08 (34)}) (8... Qc7 9. b4 Nbd7
10. Re1 e5 11. dxe5 Nxe5 12. Nxe5 dxe5 13. a4 Bg4 14. f3 Bd7 15. Kh1 a6 16. Be3
Be6 17. Qe2 Nd7 18. Ra3 c5 19. bxc5 b4 20. Raa1 bxc3 21. Bxa6 Nxc5 22. Bb5 Rfd8
23. Reb1 Bd7 24. a5 Bxb5 25. Rxb5 Nd7 26. a6 Bf8 27. h3 Rdb8 28. a7 Rxb5 29.
Qxb5 Bc5 30. Bxc5 Nxc5 31. Ra5 Nb7 32. Ra6 Nc5 33. Rc6 Qxa7 34. Qxc5 Qa1+ 35.
Kh2 Qc1 36. Rc8+ Rxc8 37. Qxc8+ Kg7 38. Qxc3 Qf4+ 39. Kg1 h5 40. Qd3 h4 41. Kf2
Qg3+ 42. Kf1 Qf4 43. Qc3 {Binder,A-Solinski,M/JBL NO95/96 1995/0-1 (60)}) 9. a4
Bb7 10. axb5 axb5 11. Rxa8 Bxa8 12. Qd2 Nbd7 13. Bh6 Bb7 14. Bxg7 Kxg7 15. e5
Ne8 16. exd6 Nxd6 17. Re1 e6 18. Qf4 Nb6 19. Ra1 Qe7 20. Ne5 Ra8 21. Rxa8 Nxa8
22. Ne4 Nxe4 23. Bxe4 23... Qd6 $4 (23... f6 $142 {
haette die Niederlage vermieden} 24. Nd3 24... Nb6 $14) 24. Qxf7+ Kh6 1-0

[Event "ICS Rated blitz match"]
[Site "204.178.125.65"]
[Date "1999.10.31"]
[Round "?"]
[White "Hossa"]
[Black "FREDTHEMATE"]
[Result "1-0"]
[WhiteElo "2489"]
[BlackElo "2122"]
[PlyCount "77"]
[EventDate "1999.??.??"]

1. e4 c5 2. Nf3 d6 3. d4 cxd4 4. Nxd4 Nf6 5. Nc3 a6 6. Be2 e5 7. Nb3 Be7 8. O-O
O-O 9. Be3 Be6 10. Bf3 Nbd7 11. Qe2 Rc8 12. Rfd1 Qc7 13. Bg5 h6 14. Be3 b5 15.
a3 Rfd8 16. Rac1 Bc4 17. Qe1 Bf8 18. Nd2 Qc6 19. Nxc4 bxc4 20. b4 Nb6 21. Rd2
Na4 22. Nd5 Nxd5 23. Rxd5 Nb6 24. Bxb6 Qxb6 25. Rcd1 Ra8 26. Be2 Rac8 27. c3 g6
28. Qf1 Qc6 29. Bg4 Rc7 30. Qe2 h5 31. Bf3 Bh6 32. Rxe5 dxe5 33. Rxd8+ Kh7 34.
Qd1 Bg5 35. Rd6 Qb7 36. Qa4 Kg7 37. Qa5 Rd7 38. Qxe5+ Kh6 39. Qh8# {
FREDTHEMATE checkmated} 1-0

[Event "ICS rated blitz match"]
[Site "204.178.125.65"]
[Date "1999.10.31"]
[Round "?"]
[White "FREDTHEMATE"]
[Black "Hossa"]
[Result "0-1"]
[WhiteElo "2119"]
[BlackElo "2492"]
[PlyCount "128"]
[EventDate "1999.??.??"]

1. d4 Nf6 2. c4 c5 3. d5 g6 4. Nc3 d6 5. e4 Bg7 6. Nf3 O-O 7. Be2 e5 8. O-O Bg4
9. Re1 Nbd7 10. Be3 Nb6 11. Nd2 Bxe2 12. Qxe2 Qd7 13. f3 Rad8 14. a3 Na4 15.
Nxa4 Qxa4 16. b3 Qd7 17. Reb1 Rb8 18. b4 b6 19. a4 cxb4 20. Rxb4 Rfc8 21. Qd3
Qc7 22. Qb3 Nd7 23. a5 bxa5 24. Rb5 a6 25. Rxb8 Rxb8 26. Qa4 Ra8 27. Qxa5 Qxa5
28. Rxa5 Bf6 29. Nb3 Bd8 30. Ra4 Rb8 31. Na5 Rb1+ 32. Kf2 Rb2+ 33. Kf1 Bb6 34.
Bxb6 Rxb6 35. Ra3 Nc5 36. Nc6 Kg7 37. Ra2 h5 38. Ke2 Rb1 39. Kd2 f5 40. exf5
gxf5 41. Ke3 f4+ 42. Ke2 Kf6 43. Na5 Rg1 44. Kf2 Rh1 45. h3 Nd3+ 46. Ke2 Nc1+
47. Kd2 Nxa2 48. Kc2 Rh2 49. Kb3 Rxg2 50. Nc6 Nc1+ 51. Kb4 Rg3 52. Ka5 Nb3+ 53.
Kxa6 Rxf3 54. Kb6 Nc5 55. Kc7 Rg3 56. Kxd6 Nb7+ 57. Kc7 f3 58. d6 Rg7+ 59. d7
f2 60. Kc8 f1=Q 61. d8=Q+ Nxd8 62. Nxd8 Qxc4+ 63. Kb8 Qc7+ 64. Ka8 64... Qxd8#
{FREDTHEMATE checkmated} 0-1

[Event "ICS rated blitz match"]
[Site "204.178.125.65"]
[Date "1999.10.31"]
[Round "?"]
[White "Hossa"]
[Black "FREDTHEMATE"]
[Result "1-0"]
[WhiteElo "2495"]
[BlackElo "2116"]
[PlyCount "77"]
[EventDate "1999.??.??"]

1. Nf3 c5 2. Nc3 d5 3. d4 cxd4 4. Qxd4 e6 5. e4 Nc6 6. Qd1 d4 7. Nb5 e5 8. a4
a6 9. Na3 Nf6 10. Bd3 Be7 11. O-O O-O 12. Nc4 Qc7 13. Bg5 Bg4 14. Qe2 h6 15.
Bh4 Rfe8 16. c3 b5 17. axb5 axb5 18. Ncd2 b4 19. cxd4 Nxd4 20. Qe3 Bxf3 21.
Rxa8 Rxa8 22. Nxf3 Nxf3+ 23. Qxf3 Ra2 24. Qe2 Qd6 25. Bc4 Ra5 26. Rd1 Qc7 27.
Bb3 Rc5 28. Qe1 Rb5 29. Bxf6 Bxf6 30. Qd2 Rb6 31. Qd7 Rb7 32. Bxf7+ Kh7 33.
Qf5+ Kh8 34. Bb3 Rb8 35. Qd7 Rb7 36. Qe8+ Kh7 37. Bg8+ Kh8 38. Bf7+ Kh7 39.
Qg8# {FREDTHEMATE checkmated} 1-0

[Event "ICS rated blitz match"]
[Site "204.178.125.65"]
[Date "1999.10.31"]
[Round "?"]
[White "FREDTHEMATE"]
[Black "Hossa"]
[Result "0-1"]
[WhiteElo "2113"]
[BlackElo "2498"]
[PlyCount "102"]
[EventDate "1999.??.??"]

1. d4 Nf6 2. Bg5 e6 3. e4 h6 4. Bxf6 Qxf6 5. Nc3 Qd8 6. f4 d5 7. Bd3 Be7 8. Qf3
Nc6 9. Nge2 dxe4 10. Qxe4 g6 11. O-O-O O-O 12. g4 Bd7 13. h4 Nb4 14. Bc4 Bd6
15. a3 Bc6 16. d5 Nxd5 17. Nxd5 Re8 18. Qf3 exd5 19. Bxd5 Bxd5 20. Rxd5 Rxe2
21. Rxd6 Qxd6 22. Qxe2 Qxf4+ 23. Kb1 Rd8 24. Re1 Rd2 25. Qe8+ Kg7 26. Qe5+ Qxe5
27. Rxe5 Rd4 28. g5 Rxh4 29. gxh6+ Kf6 30. Rc5 c6 31. Rc3 Rxh6 32. Kc1 Rh1+ 33.
Kd2 Rh2+ 34. Ke1 Kg7 35. Kf1 f5 36. Kg1 Rd2 37. b3 g5 38. a4 Kf6 39. a5 a6 40.
Rc4 Ke5 41. b4 Kf6 42. c3 Ke5 43. Kf1 Ke6 44. Kg1 g4 45. Kf1 Ke5 46. Kg1 f4 47.
Rc5+ Ke4 48. Rg5 Kf3 49. Rg8 Rd1+ 50. Kh2 g3+ 51. Kh3 51... Rh1# {
FREDTHEMATE checkmated} 0-1

[Event "ICS rated blitz match"]
[Site "204.178.125.65"]
[Date "1999.10.31"]
[Round "?"]
[White "Hossa"]
[Black "FREDTHEMATE"]
[Result "1-0"]
[WhiteElo "2501"]
[BlackElo "2110"]
[PlyCount "77"]
[EventDate "1999.??.??"]

1. Nf3 d5 2. d4 c6 3. c4 e6 4. e3 Nf6 5. Bd3 Nbd7 6. Nc3 dxc4 7. Bxc4 b5 8. Bd3
a6 9. O-O c5 10. Bd2 Qc7 11. Ne4 c4 12. Rc1 Bb7 13. Nfg5 Nxe4 14. Bxe4 Bxe4 15.
Nxe4 Qb7 16. Qg4 Nf6 17. Nxf6+ gxf6 18. Bc3 O-O-O 19. Bd2 Bd6 20. a4 Rdg8 21.
Qh3 Rg6 22. axb5 axb5 23. f4 Rhg8 24. g3 Kd7 25. Qxh7 Ke7 26. Ra1 b4 27. Qh5 f5
28. Qe2 Rc8 29. Rac1 Qd5 30. Qh5 Kf6 31. Qh7 Rcg8 32. Ra1 Qb7 33. Rad1 Bf8 34.
Rf2 Bh6 35. Rc1 Qb8 36. Bxb4 R8g7 37. Bd6 Qxd6 38. Qh8 Qc6 39. Qd8# {
FREDTHEMATE checkmated} 1-0

[Event "ICS rated blitz match"]
[Site "204.178.125.65"]
[Date "1999.10.31"]
[Round "?"]
[White "FREDTHEMATE"]
[Black "Hossa"]
[Result "0-1"]
[WhiteElo "2107"]
[BlackElo "2504"]
[PlyCount "62"]
[EventDate "1999.??.??"]

1. d4 Nf6 2. c4 c5 3. e3 cxd4 4. exd4 e6 5. Nc3 d5 6. Nf3 Nc6 7. Bg5 Bb4 8. a3
Bxc3+ 9. bxc3 Qa5 10. Qc2 Ne4 11. Bd2 Nxd2 12. Qxd2 O-O 13. Be2 Rd8 14. O-O Qc7
15. cxd5 exd5 16. Rfe1 Bg4 17. h3 Bxf3 18. Bxf3 Na5 19. Be2 Nb3 20. Qc2 Nxa1
21. Rxa1 Rac8 22. Rc1 Qe7 23. Qb2 Rc7 24. c4 dxc4 25. Rxc4 Rxc4 26. Bxc4 Qe4
27. Be2 b6 28. Bf3 Qxd4 29. Qb5 Qa1+ 30. Kh2 Qxa3 31. Qc6 31... Qd6+ {
FREDTHEMATE resigns} 0-1

[Event "ICS rated blitz match"]
[Site "204.178.125.65"]
[Date "1999.10.31"]
[Round "?"]
[White "Hossa"]
[Black "FREDTHEMATE"]
[Result "1-0"]
[WhiteElo "2507"]
[BlackElo "2104"]
[PlyCount "41"]
[EventDate "1999.??.??"]

1. Nf3 c5 2. Nc3 d5 3. d4 e6 4. dxc5 Bxc5 5. e4 d4 6. Na4 Bb4+ 7. c3 dxc3 8.
Qxd8+ Kxd8 9. bxc3 Be7 10. Ne5 Ke8 11. Bb5+ Bd7 12. Nxd7 Nxd7 13. Be3 Ngf6 14.
Rd1 Ba3 15. Bc5 Bxc5 16. Nxc5 Rd8 17. Nxb7 Rb8 18. Nd6+ Ke7 19. Bxd7 Nxd7 20.
Nxf7 Kxf7 21. Rxd7+ {FREDTHEMATE resigns} 1-0

[Event "ICS rated blitz match"]
[Site "204.178.125.65"]
[Date "1999.10.31"]
[Round "?"]
[White "E2-Ebeer"]
[Black "Hossa"]
[Result "0-1"]
[WhiteElo "2200"]
[BlackElo "2510"]
[PlyCount "102"]
[EventDate "1999.??.??"]

1. e4 e5 2. Nf3 Nc6 3. Bb5 Bc5 4. O-O Nd4 5. Nxd4 Bxd4 6. c3 Bb6 7. d4 Qf6 8.
Na3 exd4 9. e5 Qh4 10. g3 Qe4 11. Re1 Qg6 12. cxd4 Ne7 13. d5 Nxd5 14. Qxd5 c6
15. Qd6 cxb5 16. Nxb5 a6 17. Be3 Ba5 18. Nc7+ Bxc7 19. Qxc7 O-O 20. Bc5 Re8 21.
Bd6 Qe6 22. b3 Qh3 23. Rac1 b5 24. Re3 a5 25. Rec3 b4 26. Rc4 Ba6 27. Rh4 Qf5
28. Rf4 Qh3 29. Rh4 Qf5 30. Qc2 Bd3 31. Qd2 Rec8 32. Rd4 Rxc1+ 33. Qxc1 Qf3 34.
Rf4 Qe2 35. h4 Qxa2 36. Rd4 Qxb3 37. Be7 Bb5 38. Rd6 Bc6 39. Rxc6 dxc6 40. Qxc6
Rb8 41. Bd6 Rd8 42. Qc7 Ra8 43. Qc6 Qd1+ 44. Kh2 Rd8 45. Qc7 Re8 46. Qd7 Rf8
47. Qe7 Rc8 48. Qd7 Qc2 49. Qe7 Qxf2+ 50. Kh3 Qf5+ 51. Kh2 51... Rc2+ {
E2-Ebeer resigns} 0-1

[Event "ICS rated blitz match"]
[Site "204.178.125.65"]
[Date "1999.10.31"]
[Round "?"]
[White "Hossa"]
[Black "PostModernist"]
[Result "0-1"]
[WhiteElo "2510"]
[BlackElo "2616"]
[PlyCount "107"]
[EventDate "1999.??.??"]

1. Nf3 d6 2. d4 g6 3. e4 Bg7 4. Bc4 Nc6 5. O-O Nf6 6. d5 Nb8 7. Nc3 7... O-O {
letzter Buchzug} 8. Bg5 Bg4 9. h3 Bxf3 10. Qxf3 Nbd7 11. Qe3 a6 12. Bh6 Ne5 13.
Be2 Bxh6 14. Qxh6 c5 15. f4 Ned7 16. Bf3 b5 17. Rad1 ({0.59 Hiarcs 7.32:} 17.
g4 17... Kh8 18. g5 Ng8 19. Qh4 b4 20. Ne2 20... c4 {0.88/7}) 17... Ne8 18. e5
({-0.05 Hiarcs 7.32:} 18. a3 18... b4 19. axb4 cxb4 20. Ne2 Qb6+ 21. Kh2 21...
Nef6 {0.59/7}) 18... dxe5 19. d6 Ra7 20. dxe7 Qxe7 21. fxe5 ({0.23 Hiarcs 7.32:
} 21. Nd5 21... Qe6 22. Rfe1 f5 23. fxe5 Nxe5 24. Qf4 Nxf3+ 25. Qxf3 {-0.19/6})
21... Qxe5 22. Bc6 ({-0.11 Hiarcs 7.32:} 22. Rfe1 22... Qg3 23. Re7 Nef6 24.
Bc6 Rd8 25. Ne2 {0.23/6}) 22... Nb8 23. Bxe8 ({-0.54 Hiarcs 7.32:} 23. Rfe1
23... Qg7 24. Qxg7+ Nxg7 25. Bf3 Ne6 26. Nd5 Kg7 27. Nb6 {-0.11/6}) 23... Rxe8
24. Rd5 Qe7 25. a4 ({-1.20 Hiarcs 7.32:} 25. Rdf5 25... Kh8 26. Rf6 Kg8 27. a4
27... b4 {-0.13/6}) 25... b4 26. Nd1 Rd7 27. c4 Rxd5 28. cxd5 Qd7 29. Ne3 Qxa4
30. Nc4 ({-1.39 Hiarcs 7.32:} 30. Nf5 30... gxf5 31. Qg5+ Kf8 32. Qxf5 Qd7 33.
Qf6 Re2 34. Qh8+ Ke7 35. Qf6+ Ke8 36. Qh8+ 36... Ke7 {0.00/6}) 30... Nd7 31.
Qf4 f5 32. Qc7 b3 33. Rc1 Re4 34. Qc8+ Kg7 35. Nd6 Qd4+ 36. Kh1 Re7 37. Qd8 Qe3
38. Ra1 Nf6 39. Nc4 Qe2 40. Rc1 Rd7 41. Qb8 Nxd5 42. Qxb3 Nf4 43. Rg1 ({
-5.41 Hiarcs 7.32:} 43. Qg3 43... Nd3 44. Ra1 Qc2 45. Qh4 Nxb2 46. Nxb2 Qxb2
47. Rxa6 {-3.22/6}) 43... Rd3 44. Qb7+ Kh6 45. Qc6 ({-7.98 Hiarcs 7.32:} 45. b3
45... Rg3 {-5.40/7}) 45... Nxh3 46. Ra1 Nf4 47. Qa8 Rd5 48. Ne3 Qxe3 49. Rg1 ({
-19.86 Hiarcs 7.32:} 49. Qxa6 49... Rd4 {-14.21/7}) 49... Qe2 50. Qf8+ Kg5 51.
Qe7+ Qxe7 52. Rf1 Qe2 53. Rxf4 Rd1+ 54. Rf1 {Hossa resigns} 0-1

[Event "ICS rated blitz match"]
[Site "204.178.125.65"]
[Date "1999.10.31"]
[Round "?"]
[White "PostModernist"]
[Black "Hossa"]
[Result "1-0"]
[WhiteElo "2627"]
[BlackElo "2499"]
[PlyCount "90"]
[EventDate "1999.??.??"]

1. e4 e5 2. Nf3 Nc6 3. Bb5 Bc5 4. O-O Nd4 5. Nxd4 Bxd4 6. c3 Bb6 7. d4 Qf6 8.
Be3 Ne7 9. Na3 9... Qg6 {letzter Buchzug} 10. Qf3 c6 11. Bd3 exd4 12. Bxd4 Bxd4
13. cxd4 O-O 14. e5 Qe6 15. Nc4 Qd5 16. Qe3 Nf5 17. Bxf5 Qxc4 18. Rfc1 Qb4 19.
a3 Qe7 ({0.92 Hiarcs 7.32:} 19... Qb6 20. Bc2 d6 21. exd6 21... Qxb2 {1.41/5})
20. Qh3 h6 21. Bc2 f6 ({1.46 Hiarcs 7.32:} 21... d6 22. Qd3 f5 23. Qg3 dxe5 24.
dxe5 24... Be6 {0.66/5}) 22. Qb3+ Qe6 23. Qg3 fxe5 24. dxe5 Qe7 25. Re1 Qc5 ({
1.31 Hiarcs 7.32:} 25... b5 26. Rad1 Qg5 27. Qxg5 hxg5 28. Rd6 28... c5 {1.93/6
}) 26. Qb3+ d5 27. exd6+ Kh8 28. Kh1 Qxd6 29. Re2 Bg4 30. f3 Bc8 ({
1.70 Hiarcs 7.32:} 30... Qf6 31. Rae1 b5 32. a4 bxa4 33. Qxa4 {0.70/5}) 31.
Rae1 Rb8 32. Re7 Qf4 ({4.35 Hiarcs 7.32:} 32... Bf5 33. Bxf5 Rxf5 34. Rxb7 Rxb7
35. Qxb7 Rb5 36. Qc8+ Kh7 37. b4 37... c5 {1.57/6}) 33. Qc3 Qg5 34. f4 Qf6 35.
Qxf6 gxf6 36. Rh7+ Kg8 37. Ree7 Rd8 38. Rxh6 Be6 39. Rg6+ Kf8 40. Rxe6 Rd2 41.
Rgxf6+ Kg8 42. Rg6+ Kf8 43. Ref6+ Ke8 44. Ba4 Rxb2 45. Rd6 45... Rf2 {
Hossa resigns} 1-0

[Event "ICS rated blitz match"]
[Site "204.178.125.65"]
[Date "1999.11.01"]
[Round "?"]
[White "Varguz"]
[Black "Hossa"]
[Result "1-0"]
[WhiteElo "2797"]
[BlackElo "2479"]
[PlyCount "74"]
[EventDate "1999.??.??"]

1. Nf3 d6 2. d4 g6 3. c4 Bg7 4. Nc3 Nc6 5. e3 Nf6 6. Be2 {letzter Buchzug} 6...
Bf5 7. d5 Ne5 8. Nd4 Bd7 ({0.94 Hiarcs 7.32:} 8... O-O 9. Nxf5 gxf5 10. Bd2 Qd7
11. Qb3 c5 12. O-O {0.38/7}) 9. f4 Neg4 10. h3 Nh6 11. g4 Nfg8 12. e4 ({
0.63 Hiarcs 7.32:} 12. Bf3 12... a6 13. O-O Qb8 14. Bd2 {0.94/7}) 12... e5 13.
Nf3 f5 14. fxe5 dxe5 15. Bg5 Qc8 16. gxf5 gxf5 17. Rg1 Nf7 18. Bh4 fxe4 ({
2.80 Hiarcs 7.32:} 18... Bh6 19. Ng5 Bxg5 20. Bxg5 Nxg5 21. Rxg5 Nf6 22. Bf3 {
0.39/6}) 19. Nxe4 Bh6 20. Nxe5 Nxe5 21. Bh5+ Ng6 ({11.60 Hiarcs 7.32:} 21...
Kf8 22. Qd4 Ng6 23. Bxg6 hxg6 24. Qxh8 24... Qe8 {3.24/5}) 22. Rxg6 hxg6 23.
Bxg6+ Kf8 24. Qf3+ Bf4 ({15.34 Hiarcs 7.32:} 24... Bf5 25. Bxf5 {11.52/7}) 25.
Qxf4+ Bf5 26. Bxf5 Rxh4 27. Bg4+ Ke8 28. Ng5 Rxg4 29. Qf7+ Kd8 30. Ne6+ Qxe6+
31. dxe6 Re4+ 32. Kf2 Rxe6 33. Qxe6 c6 34. Qd6+ Ke8 35. Re1+ Kf7 36. Qe6+ Kf8
37. Qf5+ 37... Nf6 {Hossa resigns} 1-0